Rentas del Colegio "San Gregorio" de Oviedo / (Record no. 32834)

MARC details
000 -LEADER
campo de control de longitud fija 00542nam a2200169 i 4500
001 - NÚMERO DE CONTROL
campo de control 32834
003 - IDENTIFICADOR DE NÚMERO DE CONTROL
campo de control ES-MaACL
005 - FECHA Y HORA DE LA ÚLTIMA TRANSACCIÓN
campo de control 20230906154638.0
007 - CAMPO FIJO DE DESCRIPCIÓN FÍSICA--INFORMACIÓN GENERAL
campo de control de longitud fija t|
008 - DATOS DE LONGITUD FIJA--INFORMACIÓN GENERAL
campo de control de longitud fija 030131s1971 sp ||||1| spa d
100 1# - ENTRADA PRINCIPAL--NOMBRE DE PERSONA
Nombre de persona Benito Ruano, Eloy.
9 (RLIN) 27689
245 10 - MENCIÓN DEL TÍTULO
Título Rentas del Colegio "San Gregorio" de Oviedo /
Mención de responsabilidad, etc. por Eloy Benito Ruano.
260 ## - PUBLICACIÓN, DISTRIBUCIÓN, ETC.
Lugar de publicación, distribución, etc. Oviedo :
Nombre del editor, distribuidor, etc. [s.n.,
Fecha de publicación, distribución, etc. 1971] (
Fabricante "La Cruz")
300 ## - DESCRIPCIÓN FÍSICA
Extensión 11 p. ;
Dimensiones 24 cm.
500 ## - NOTA GENERAL
Nota general Es separata de: Boletín del Instituto de Estudios Asturianos, n. 75.
852 ## - LOCALIZACIÓN
Ubicación ES-MaACL
Número de control de estantería 2094-F-10
Sublocalización o colección R.91132
Holdings
Estatus retirado Estado de pérdida Estado de daño No para préstamo Colección Biblioteca de origen Biblioteca actual Ubicación en estantería Fecha de adquisición Fuente de adquisición Total de préstamos Signatura topográfica completa Código de barras Visto por última vez Precio de reemplazo Tipo de ítem Koha
        Colección de folletos Biblioteca del Ateneo de Madrid Biblioteca del Ateneo de Madrid Depósito folletos 17/01/2008     2094-F-10 1034080 23/02/2023 23/02/2023 Folleto